000
00249nam a2200109Ia 4500
008
190216s9999||||xx |||||||||||||| ||und||
100
_a
Gupta .o P
245
0
_a
Elements Of Commerce
260
_b
Bpb Publications
_c
1974
300
_a
439p
942
_c
BK
999
_c
3833
_d
3833